000 00767nam a22002417a 4500
001 464
003 BR-CuiBMT
005 20231113233204.0
008 231107b2022 mgb 000 0 por d
020 _a9786555183368
040 _aBR-CuiBMT
_cBR-CuiBMT
080 _22007
_a342.9
090 _a342.9
_bS958d
100 1 0 _aSundfeld, Carlos Ari
245 0 0 _aDireito administrativo :
_bo novo olhar da LINDB /
260 _aBelo Horizonte :
_bFórum,
_c2022.
300 _a193 p. ;
_c22 cm
504 _aInlcui bibliografia.
590 _8A biblioteca possui 1. reimpr. 2022.
650 _aDireito administrativo
_vLei de Introdução às normas do Direito Brasileiro (LINDB)
_zBrasil
650 _aDireito administrativo
_xAdministração pública
942 _2udc
_cLV
999 _c464
_d464